[Event "Titled Tuesday 2020.09.22"]
[Site "chess.com INT"]
[Date "2020.09.22"]
[Round "3"]
[White "Andreikin, Dmitri"]
[Black "Noritsyn, Nikolay"]
[Result "1/2-1/2"]
[WhiteElo "2726"]
[BlackElo "2512"]
[PlyCount "159"]
[EventDate "2020.09.22"]
[EventType "swiss (blitz)"]
[EventRounds "10"]
[EventCountry "NET"]
[Source "Mark Crowther"]
[SourceDate "2020.09.28"]

1. d4 e6 2. Nf3 f5 3. Bg5 Be7 4. h4 Nf6 5. Nbd2 d5 6. e3 Nbd7 7. c4 Ne4 8. Bxe7
Qxe7 9. Bd3 O-O 10. g3 b6 11. cxd5 exd5 12. Bb5 c5 13. Bc6 Rb8 14. Bxd5+ Kh8
15. O-O Ba6 16. Bc4 b5 17. Be2 Ndf6 18. dxc5 Rbd8 19. Nd4 Nxg3 20. Bf3 Ng4 21.
Bxg4 Qxh4 22. Qf3 Nxf1 23. Rxf1 fxg4 24. Qg3 Qh5 25. c6 Bc8 26. Rc1 Qg5 27. Ne4
Qg6 28. Nc5 Rf6 29. c7 Rdf8 30. Rc2 h5 31. Rd2 Kg8 32. Nd3 Qg5 33. Nf4 h4 34.
Qg2 g3 35. fxg3 hxg3 36. Qd5+ Qxd5 37. Nxd5 Rf2 38. Ne7+ Kh7 39. Rd1 Bh3 40.
Nef5 Bxf5 41. Nxf5 R2xf5 42. Rd8 Rf1+ 43. Kg2 R8f2+ 44. Kxg3 Rc2 45. c8=Q Rxc8
46. Rxc8 Ra1 47. a3 Rb1 48. Rc2 Kg6 49. Kf4 Kf6 50. e4 g5+ 51. Ke3 Re1+ 52. Kd4
Rd1+ 53. Ke3 Rb1 54. b4 Rb3+ 55. Kd4 Rxa3 56. Rc6+ Kg7 57. e5 g4 58. Kd5 Rd3+
59. Ke6 g3 60. Kf5 Rf3+ 61. Kg5 Rb3 62. Rc7+ Kf8 63. Rc2 Ke7 64. Kf5 Rf3+ 65.
Ke4 Rf2 66. Rc7+ Ke6 67. Rg7 g2 68. Rg6+ Ke7 69. Rg7+ Ke6 70. Rg6+ Kf7 71. Rg3
Rb2 72. Kf5 a6 73. e6+ Kf8 74. Kf6 Rf2+ 75. Ke5 Ke7 76. Rg7+ Kf8 77. Rg3 Ke8
78. Rg8+ Ke7 79. Rg7+ Kf8 80. Rg3 1/2-1/2

[Event "Titled Tuesday 2020.09.22"]
[Site "chess.com INT"]
[Date "2020.09.22"]
[Round "4"]
[White "Noritsyn, Nikolay"]
[Black "Erigaisi, Arjun"]
[Result "1-0"]
[WhiteElo "2512"]
[BlackElo "2559"]
[PlyCount "77"]
[EventDate "2020.09.22"]
[EventType "swiss (blitz)"]
[EventRounds "10"]
[EventCountry "NET"]
[Source "Mark Crowther"]
[SourceDate "2020.09.28"]

1. e4 e5 2. Nf3 Nc6 3. Bc4 Bc5 4. d3 Nf6 5. Nc3 d6 6. Na4 Bb6 7. a3 Be6 8. Bxe6
fxe6 9. c3 O-O 10. O-O Qe8 11. b4 Ne7 12. Nb2 c6 13. Nc4 Bc7 14. Re1 b5 15.
Ncd2 a5 16. Bb2 Nh5 17. g3 Qf7 18. d4 exd4 19. cxd4 Ng6 20. Rc1 Ra6 21. e5 dxe5
22. dxe5 axb4 23. axb4 Bb6 24. Qb3 Rd8 25. Ne4 Rd5 26. Nd6 Qa7 27. Re2 Nhf4 28.
gxf4 Nxf4 29. Rd2 Bxf2+ 30. Kh1 Be3 31. Rxd5 Bxc1 32. Rd4 Bxb2 33. Rxf4 h6 34.
Qxe6+ Kh7 35. Qf5+ g6 36. Qf8 Bxe5 37. Rf7+ Qxf7 38. Qxf7+ Bg7 39. Ne8 1-0

[Event "Titled Tuesday 2020.09.22"]
[Site "chess.com INT"]
[Date "2020.09.22"]
[Round "5"]
[White "Pantsulaia, L."]
[Black "Noritsyn, Nikolay"]
[Result "0-1"]
[WhiteElo "2553"]
[BlackElo "2512"]
[PlyCount "76"]
[EventDate "2020.09.22"]
[EventType "swiss (blitz)"]
[EventRounds "10"]
[EventCountry "NET"]
[Source "Mark Crowther"]
[SourceDate "2020.09.28"]

1. Nf3 d5 2. g3 e6 3. Bg2 Nf6 4. O-O b5 5. b3 Bb7 6. c4 c6 7. d3 Nbd7 8. Nbd2
Be7 9. Qc2 O-O 10. Bb2 a5 11. e4 Qb6 12. a3 Rfd8 13. Rfe1 b4 14. a4 dxe4 15.
dxe4 Bc5 16. Re2 Ng4 17. Rf1 f6 18. e5 f5 19. Ng5 Nf8 20. Ndf3 Rd7 21. Nxe6
Nxf2 22. Nxc5 Ng4 23. Qxf5 Qxc5+ 24. Nd4 Rxd4 25. Bxd4 Qxd4+ 26. Kh1 Nh6 27.
Qc2 Qd7 28. e6 Qe7 29. Qe4 Re8 30. Rf7 Nxf7 31. exf7+ Kxf7 32. Qf3+ Qf6 33. Qd3
Rxe2 34. Qxe2 Ne6 35. Bf3 g6 36. Qe3 Nd4 37. Be2 c5+ 38. Kg1 Bc6 0-1

[Event "Titled Tuesday 2020.09.22"]
[Site "chess.com INT"]
[Date "2020.09.22"]
[Round "6"]
[White "Noritsyn, Nikolay"]
[Black "Svane, R."]
[Result "1-0"]
[WhiteElo "2512"]
[BlackElo "2613"]
[PlyCount "91"]
[EventDate "2020.09.22"]
[EventType "swiss (blitz)"]
[EventRounds "10"]
[EventCountry "NET"]
[Source "Mark Crowther"]
[SourceDate "2020.09.28"]

1. e4 c6 2. d4 d5 3. e5 Bf5 4. Bd3 Bxd3 5. Qxd3 e6 6. Ne2 Qa5+ 7. c3 Qa6 8. Qd1
c5 9. O-O Nc6 10. Be3 Nge7 11. Ng3 cxd4 12. cxd4 g6 13. h4 h5 14. Nd2 Nf5 15.
Nf3 Nxe3 16. fxe3 Be7 17. a3 O-O-O 18. b4 Kb8 19. Ne2 Rc8 20. Qd2 Rc7 21. Nc3
Qb6 22. Na4 Qa6 23. Nc5 Qb6 24. Rfb1 a6 25. a4 Na7 26. Rb2 Rg8 27. Ng5 Bxg5 28.
hxg5 Rgc8 29. Rf1 Ka8 30. a5 Qb5 31. Qe1 Nc6 32. Rff2 Ka7 33. Qf1 Qxf1+ 34.
Rxf1 b6 35. axb6+ Kxb6 36. Ra1 Ra8 37. b5 Nb8 38. bxa6+ Kc6 39. Rab1 Nd7 40.
Nxd7 Kxd7 41. Rb6 Ke7 42. Rd6 Kf8 43. Rb7 Rxb7 44. axb7 Rb8 45. Rd7 Ke8 46. Rc7
1-0

[Event "Titled Tuesday 2020.09.22"]
[Site "chess.com INT"]
[Date "2020.09.22"]
[Round "7"]
[White "Noritsyn, Nikolay"]
[Black "Demidov, Mikhail"]
[Result "0-1"]
[WhiteElo "2512"]
[BlackElo "2519"]
[PlyCount "90"]
[EventDate "2020.09.22"]
[EventType "swiss (blitz)"]
[EventRounds "10"]
[EventCountry "NET"]
[Source "Mark Crowther"]
[SourceDate "2020.09.28"]

1. e4 e6 2. Qe2 c5 3. Nf3 Nc6 4. g3 g6 5. Bg2 Bg7 6. O-O Nf6 7. c3 O-O 8. d4
cxd4 9. cxd4 d6 10. Nc3 h6 11. Rd1 Qe7 12. h3 Rd8 13. Be3 b6 14. Qd2 Kh7 15. d5
Na5 16. b3 Bb7 17. Rac1 Rac8 18. Nd4 exd5 19. Nxd5 Nxd5 20. exd5 Qd7 21. Qd3
Rxc1 22. Rxc1 Rc8 23. b4 Rxc1+ 24. Bxc1 Qc8 25. Bf4 Nc4 26. Nc6 Ne5 27. Bxe5
dxe5 28. b5 f5 29. Nxa7 Qc1+ 30. Kh2 e4 31. Qb3 Qd2 32. Nc6 Qxf2 33. d6 Qd2 34.
Ne7 h5 35. Qg8+ Kh6 36. Qf7 Qxd6 37. Ng8+ Kh7 38. Qxb7 Kxg8 39. a4 Be5 40. Qa8+
Kg7 41. Qb7+ Kh6 42. Qc6 Bxg3+ 43. Kg1 Qd4+ 44. Kh1 Qd1+ 45. Bf1 Qxf1# 0-1

[Event "Titled Tuesday 2020.09.22"]
[Site "chess.com INT"]
[Date "2020.09.22"]
[Round "8"]
[White "Paravyan, D."]
[Black "Noritsyn, Nikolay"]
[Result "1-0"]
[WhiteElo "2653"]
[BlackElo "2512"]
[PlyCount "61"]
[EventDate "2020.09.22"]
[EventType "swiss (blitz)"]
[EventRounds "10"]
[EventCountry "NET"]
[Source "Mark Crowther"]
[SourceDate "2020.09.28"]

1. d4 e6 2. e4 d5 3. exd5 exd5 4. Nf3 Bd6 5. c4 Nf6 6. Nc3 O-O 7. c5 Re8+ 8.
Be2 Bf8 9. Bg5 c6 10. O-O Nbd7 11. b4 h6 12. Bh4 g5 13. Bg3 Nh5 14. Bd3 Nxg3
15. fxg3 Bg7 16. Kh1 Nf8 17. Qd2 Bg4 18. h3 Be6 19. Rae1 Nd7 20. Bc2 g4 21. Nh4
gxh3 22. Qd3 hxg2+ 23. Kxg2 Nf8 24. Ne2 Qg5 25. Nf4 Bg4 26. Nh3 Bxh3+ 27. Kxh3
h5 28. Bd1 Ng6 29. Rf5 Qh6 30. Rxh5 Qxh5 31. Rxe8+ 1-0

[Event "Titled Tuesday 2020.09.15"]
[Site "chess.com INT"]
[Date "2020.09.15"]
[Round "1"]
[White "Noritsyn, Nikolay"]
[Black "Ersahin, Bulent"]
[Result "1-0"]
[WhiteElo "2512"]
[BlackElo "2085"]
[PlyCount "61"]
[EventDate "2020.09.15"]
[EventType "swiss (blitz)"]
[EventRounds "10"]
[EventCountry "NET"]
[Source "Mark Crowther"]
[SourceDate "2020.09.21"]

1. e4 c5 2. Nf3 Nc6 3. c3 d6 4. d4 Nf6 5. d5 Nb8 6. Bd3 g6 7. O-O Bg7 8. h3 O-O
9. c4 Na6 10. Nc3 Nc7 11. Re1 a6 12. a4 Rb8 13. Bg5 h6 14. Bf4 Re8 15. Qd2 Kh7
16. e5 dxe5 17. Nxe5 Rf8 18. Rad1 Nfe8 19. Qe3 Nd6 20. Qxc5 Bd7 21. a5 Nce8 22.
Qe3 Bf5 23. b4 Bxd3 24. Qxd3 Nc7 25. c5 Ndb5 26. Nxb5 Nxb5 27. h4 h5 28. Nf3
Rc8 29. Bg5 Re8 30. d6 Bf6 31. d7 1-0

[Event "Titled Tuesday 2020.09.15"]
[Site "chess.com INT"]
[Date "2020.09.15"]
[Round "2"]
[White "Baskin, Robert"]
[Black "Noritsyn, Nikolay"]
[Result "1-0"]
[WhiteElo "2390"]
[BlackElo "2512"]
[PlyCount "107"]
[EventDate "2020.09.15"]
[EventType "swiss (blitz)"]
[EventRounds "10"]
[EventCountry "NET"]
[Source "Mark Crowther"]
[SourceDate "2020.09.21"]

1. e4 c5 2. Nf3 d6 3. d4 cxd4 4. Nxd4 Nf6 5. Nc3 a6 6. Bg5 Nfd7 7. Qd2 Nc6 8.
O-O-O h6 9. Be3 g6 10. h4 Bg7 11. h5 g5 12. Nf5 Bxc3 13. Qxc3 Nde5 14. Nd4 Qa5
15. Qxa5 Nxa5 16. b3 Ng4 17. Rd3 Nc6 18. Nxc6 bxc6 19. Be2 Nxe3 20. Rxe3 a5 21.
a4 Be6 22. Rd1 Rb8 23. c4 f6 24. g3 g4 25. Rh1 Rg8 26. Rh4 Kd7 27. Kc2 Rg5 28.
Kc3 Kc7 29. Rd3 Kb6 30. Rd1 Kc5 31. Rd2 Rbg8 32. Bd1 Bf7 33. Be2 Bxh5 34. Rd1
Bg6 35. Bxg4 Bxe4 36. Be6 Bf3 37. Rd3 Be2 38. Re3 Bg4 39. Bxg8 Rxg8 40. Rxe7 h5
41. Re3 Rg5 42. f3 Bd7 43. f4 Rf5 44. Re7 Bc8 45. Rh7 d5 46. R4xh5 d4+ 47. Kd3
Kb4 48. Kxd4 c5+ 49. Ke4 Rxh5 50. Rxh5 Kxb3 51. Rxc5 Bg4 52. Rxa5 Kxc4 53. Ra6
f5+ 54. Ke5 1-0

[Event "Titled Tuesday 2020.09.15"]
[Site "chess.com INT"]
[Date "2020.09.15"]
[Round "3"]
[White "Noritsyn, Nikolay"]
[Black "Vantika, Agrawal"]
[Result "1-0"]
[WhiteElo "2512"]
[BlackElo "2286"]
[PlyCount "49"]
[EventDate "2020.09.15"]
[EventType "swiss (blitz)"]
[EventRounds "10"]
[EventCountry "NET"]
[Source "Mark Crowther"]
[SourceDate "2020.09.21"]

1. e4 c5 2. Nf3 d6 3. d4 cxd4 4. Nxd4 Nf6 5. Nc3 a6 6. f4 e5 7. Nb3 Nbd7 8. g4
h6 9. g5 hxg5 10. fxg5 Nh5 11. Qf3 b5 12. h4 g6 13. Be3 Bg7 14. O-O-O Nb6 15.
Bc5 Nc4 16. Bxc4 bxc4 17. Rhf1 Be6 18. Rxd6 Qc7 19. Nd2 Qxc5 20. Rxe6+ fxe6 21.
Qf7+ Kd8 22. Rd1 Kc8 23. Na4 Qc6 24. Nxc4 Rd8 25. Nab6+ 1-0

[Event "Titled Tuesday 2020.09.15"]
[Site "chess.com INT"]
[Date "2020.09.15"]
[Round "4"]
[White "Trost, Edvin"]
[Black "Noritsyn, Nikolay"]
[Result "0-1"]
[WhiteElo "2202"]
[BlackElo "2512"]
[PlyCount "124"]
[EventDate "2020.09.15"]
[EventType "swiss (blitz)"]
[EventRounds "10"]
[EventCountry "NET"]
[Source "Mark Crowther"]
[SourceDate "2020.09.21"]

1. Nf3 d5 2. g3 e6 3. Bg2 b5 4. O-O Bb7 5. d3 Nf6 6. Nbd2 Be7 7. e4 dxe4 8. Ng5
O-O 9. Ngxe4 Nxe4 10. Nxe4 Qc8 11. Be3 Nd7 12. Re1 a6 13. a4 Re8 14. h4 Nf6 15.
Nxf6+ Bxf6 16. c3 Rd8 17. axb5 axb5 18. Rxa8 Bxa8 19. Bxa8 Qxa8 20. Qb3 Qc6 21.
d4 h6 22. Bf4 g5 23. hxg5 hxg5 24. Be5 Be7 25. g4 b4 26. Qc2 Qf3 27. Qe2 Qxe2
28. Rxe2 c6 29. Kg2 f6 30. Bg3 Kf7 31. f4 gxf4 32. Bxf4 Ra8 33. Kf3 Ra2 34. Ke3
Ra1 35. Rc2 Ke8 36. Kf3 Kd7 37. Bd2 b3 38. Rc1 Ra2 39. Rb1 Kd6 40. Ke4 Bf8 41.
Kd3 Ra4 42. c4 c5 43. dxc5+ Kxc5 44. Be3+ Kb4 45. Bd2+ Kc5 46. Be3+ Kc6 47. Kc3
Rb4 48. Ra1 Rb7 49. Ra6+ Kd7 50. Ra5 Bb4+ 51. Kxb3 Bxa5+ 52. Ka4 Bb4 53. b3 Kc6
54. g5 fxg5 55. Bxg5 e5 56. c5 Bxc5 57. b4 Rxb4+ 58. Ka5 Rb3 59. Bc1 Rc3 60.
Bb2 Rc2 61. Ba3 Ra2 62. Ka6 Rxa3# 0-1

[Event "Titled Tuesday 2020.09.15"]
[Site "chess.com INT"]
[Date "2020.09.15"]
[Round "5"]
[White "Noritsyn, Nikolay"]
[Black "Mickiewicz, P."]
[Result "0-1"]
[WhiteElo "2512"]
[BlackElo "2186"]
[PlyCount "104"]
[EventDate "2020.09.15"]
[EventType "swiss (blitz)"]
[EventRounds "10"]
[EventCountry "NET"]
[Source "Mark Crowther"]
[SourceDate "2020.09.21"]

1. e4 Nc6 2. Bb5 Nf6 3. Bxc6 dxc6 4. e5 Nd5 5. d3 c5 6. Nf3 Bg4 7. h3 Bxf3 8.
Qxf3 e6 9. O-O Be7 10. Nd2 O-O 11. Ne4 Nb4 12. Qe2 Nc6 13. Bf4 Qd5 14. Nc3 Qd4
15. Bg3 a6 16. Rab1 Rad8 17. Kh2 Qd7 18. Rbe1 Nd4 19. Qd1 Nf5 20. Re4 b5 21.
Qg4 g6 22. Ne2 h5 23. Qf3 c4 24. dxc4 Qd2 25. Rc1 Bg5 26. Bf4 Bxf4+ 27. Qxf4
Qxf4+ 28. Nxf4 Rd2 29. Kg1 b4 30. c5 a5 31. Nd3 Rd8 32. Kf1 Nd4 33. Ne1 Rd5 34.
c3 bxc3 35. bxc3 Nc6 36. Nf3 Rxa2 37. g4 hxg4 38. hxg4 a4 39. c4 Rd3 40. Kg2 a3
41. Ne1 Rdd2 42. Kg3 Rab2 43. Nf3 Rd3 44. Kf4 a2 45. Ra1 Ra3 46. Ne1 Rxf2+ 47.
Kg5 Nb4 48. Rd4 Kg7 49. Rd8 Rh3 50. Rb8 Nc2 51. Nxc2 Rxc2 52. Ra8 Rxc4 0-1

[Event "Titled Tuesday 2020.09.01"]
[Site "chess.com INT"]
[Date "2020.09.01"]
[Round "1"]
[White "Issani, Nameer"]
[Black "Noritsyn, Nikolay"]
[Result "0-1"]
[WhiteElo "2070"]
[BlackElo "2512"]
[PlyCount "34"]
[EventDate "2020.09.01"]
[EventType "swiss"]
[EventRounds "10"]
[EventCountry "NET"]
[Source "ChessMix"]
[SourceDate "2020.09.10"]

1. Nf3 d5 2. c4 e6 3. e3 Nf6 4. d4 c6 5. Nc3 Nbd7 6. Qc2 a5 7. b3 Bd6 8. Bb2
O-O 9. Be2 e5 10. cxd5 cxd5 11. dxe5 Nxe5 12. Nd4 Bd7 13. h3 Rc8 14. Rc1 Ne4
15. Bf3 Nxf3+ 16. gxf3 Nxc3 17. Bxc3 Rxc3 0-1

[Event "Titled Tuesday 2020.09.01"]
[Site "chess.com INT"]
[Date "2020.09.01"]
[Round "2"]
[White "Noritsyn, Nikolay"]
[Black "Winterberg, Lukas"]
[Result "1-0"]
[WhiteElo "2512"]
[BlackElo "2389"]
[PlyCount "65"]
[EventDate "2020.09.01"]
[EventType "swiss"]
[EventRounds "10"]
[EventCountry "NET"]
[Source "ChessMix"]
[SourceDate "2020.09.10"]

1. d4 Nf6 2. Nf3 e6 3. c4 d5 4. Nc3 Be7 5. Bg5 h6 6. Bh4 O-O 7. e3 b6 8. Bxf6
Bxf6 9. cxd5 exd5 10. Qd2 Be6 11. O-O-O a5 12. Ne5 c5 13. f4 c4 14. e4 b5 15.
Nxd5 Bxd5 16. exd5 Qxd5 17. Be2 Ra7 18. Bf3 Qd6 19. g4 Rc8 20. h4 b4 21. g5 c3
22. Qe2 cxb2+ 23. Kxb2 Be7 24. Be4 b3 25. Ka1 Rac7 26. Qb2 bxa2 27. Qb3 Rf8 28.
g6 Nd7 29. gxf7+ Kh8 30. Ng6+ Kh7 31. Nxf8+ Kh8 32. Ng6+ Kh7 33. Nxe7+ 1-0

[Event "Titled Tuesday 2020.09.01"]
[Site "chess.com INT"]
[Date "2020.09.01"]
[Round "3"]
[White "Fominykh, Maria"]
[Black "Noritsyn, Nikolay"]
[Result "1-0"]
[WhiteElo "2206"]
[BlackElo "2512"]
[PlyCount "119"]
[EventDate "2020.09.01"]
[EventType "swiss"]
[EventRounds "10"]
[EventCountry "NET"]
[Source "ChessMix"]
[SourceDate "2020.09.10"]

1. Nf3 e6 2. g3 d5 3. Bg2 b5 4. O-O Bb7 5. d3 Nf6 6. Nbd2 Be7 7. b3 c5 8. Bb2
Nc6 9. e4 O-O 10. Qe2 d4 11. Ne1 e5 12. f4 exf4 13. gxf4 g6 14. a4 a6 15. Bf3
Re8 16. Qg2 Nb4 17. Rf2 Bf8 18. Nf1 Bg7 19. Ng3 Qc7 20. Bc1 c4 21. bxc4 bxc4
22. f5 cxd3 23. cxd3 a5 24. fxg6 hxg6 25. Nf5 gxf5 26. Bh6 Ng4 27. Bxg7 Kxg7
28. exf5 Qxh2+ 29. Qxh2 Nxh2 30. Bxb7 Rab8 31. Be4 Ng4 32. Rg2 Kf6 33. Rxg4
Rbc8 34. Nf3 Red8 35. Rb1 Rc2 36. Rg2 Rc3 37. Rd2 Ra3 38. Rdb2 Rxa4 39. Rb3 Ra2
40. R3b2 Ra3 41. Nd2 Rg8+ 42. Kf2 Rh8 43. Nc4 Nxd3+ 44. Bxd3 Rxd3 45. Rb6+ Kg5
46. Ne5 Re3 47. Nxf7+ Kf4 48. Nxh8 Rf3+ 49. Kg2 Rg3+ 50. Kh2 Rg5 51. Ng6+ Kxf5
52. R6b5+ Kg4 53. Rxg5+ Kxg5 54. Ne5 Kf4 55. Nc6 d3 56. Nxa5 Ke3 57. Nc4+ Kd4
58. Nd2 Kc3 59. Nf3 Kc2 60. Rf1 1-0

[Event "Titled Tuesday 2020.09.01"]
[Site "chess.com INT"]
[Date "2020.09.01"]
[Round "4"]
[White "Noritsyn, Nikolay"]
[Black "Erzhanov, Arman"]
[Result "1-0"]
[WhiteElo "2512"]
[BlackElo "2229"]
[PlyCount "49"]
[EventDate "2020.09.01"]
[EventType "swiss"]
[EventRounds "10"]
[EventCountry "NET"]
[Source "ChessMix"]
[SourceDate "2020.09.10"]

1. e4 d6 2. d4 Nf6 3. Nc3 e5 4. Nge2 c6 5. a4 Be7 6. h3 O-O 7. g4 exd4 8. Qxd4
d5 9. e5 Nfd7 10. Bg2 Bc5 11. Qf4 Re8 12. b4 Bf8 13. Bb2 Nxe5 14. O-O-O Nc4 15.
Bxd5 cxd5 16. Rxd5 Nd6 17. Rhd1 Qb6 18. Rxd6 Bxd6 19. Rxd6 Qc7 20. Nd5 Qxd6 21.
Qxd6 Nc6 22. b5 Na5 23. Ne7+ Kh8 24. Qe5 f6 25. Qxf6 1-0

[Event "Online Olym Top DivD"]
[Site "chess.com INT"]
[Date "2020.08.21"]
[Round "1.4"]
[White "Pichot, A."]
[Black "Noritsyn, Nikolay"]
[Result "1-0"]
[WhiteElo "2630"]
[BlackElo "2512"]
[PlyCount "81"]
[EventDate "2020.08.21"]
[EventType "team (rapid)"]
[EventRounds "9"]
[EventCountry "NET"]
[Source "Mark Crowther"]
[SourceDate "2020.08.24"]
[WhiteTeam "Argentina"]
[BlackTeam "Canada"]
[WhiteTeamCountry "ARG"]
[BlackTeamCountry "CAN"]

1. e4 c5 2. Nf3 d6 3. d4 cxd4 4. Qxd4 Nf6 5. Be2 Nc6 6. Qe3 Bg4 7. O-O e6 8. c4
Be7 9. Nc3 O-O 10. Rd1 Qc7 11. Nb5 Qb8 12. b3 a6 13. Nc3 Nb4 14. Qd2 d5 15.
exd5 exd5 16. a3 Nc6 17. cxd5 Na5 18. Rb1 Rc8 19. h3 Bh5 20. b4 Nc4 21. Qd4 b5
22. Bf4 Bd6 23. Bxd6 Qxd6 24. a4 Na3 25. Rb3 Nc2 26. Qd2 Nxb4 27. axb5 a5 28.
Qd4 Bg6 29. Rb2 Re8 30. Nd2 Nc2 31. Nc4 Nxd4 32. Nxd6 Nxe2+ 33. Rxe2 Rxe2 34.
Nxe2 Rd8 35. Nc4 Rxd5 36. Rxd5 Nxd5 37. b6 Nb4 38. Nxa5 Be4 39. Nc3 Bd3 40. b7
Na6 41. Nc6 1-0

[Event "Online Olym Top DivD"]
[Site "chess.com INT"]
[Date "2020.08.21"]
[Round "3.5"]
[White "Cordova, E."]
[Black "Noritsyn, Nikolay"]
[Result "0-1"]
[WhiteElo "2592"]
[BlackElo "2512"]
[PlyCount "80"]
[EventDate "2020.08.21"]
[EventType "team (rapid)"]
[EventRounds "9"]
[EventCountry "NET"]
[Source "Mark Crowther"]
[SourceDate "2020.08.24"]
[WhiteTeam "Peru"]
[BlackTeam "Canada"]
[WhiteTeamCountry "PER"]
[BlackTeamCountry "CAN"]

1. Nf3 e6 2. g3 d5 3. Bg2 b5 4. d3 Bb7 5. O-O Nf6 6. Nbd2 Be7 7. e4 dxe4 8.
dxe4 O-O 9. e5 Nd5 10. Qe2 b4 11. Rd1 Ba6 12. Qe1 Nd7 13. h4 c6 14. Ne4 Qc7 15.
Neg5 h6 16. Nh3 Rfd8 17. h5 Qb6 18. Bd2 Qc5 19. Rac1 Qc4 20. b3 Qg4 21. Nf4 Bc5
22. Nxd5 cxd5 23. Be3 Rac8 24. Bxc5 Rxc5 25. Rd4 Qxh5 26. Rxb4 Rdc8 27. Ra4 Bd3
28. Rxa7 Nf8 29. Nd4 Ng6 30. f4 Bxc2 31. Ra5 Rc3 32. Nb5 Rd3 33. Nd6 Rcc3 34.
Ra8+ Kh7 35. Nxf7 Qg4 36. Kh2 Re3 37. Qf2 Re2 38. Qxe2 Qxe2 39. Rh1 Be4 40. Rg1
Qf2 0-1

[Event "Online Olym Top DivD"]
[Site "chess.com INT"]
[Date "2020.08.22"]
[Round "4.1"]
[White "Quesada Perez, Luis Ernesto"]
[Black "Noritsyn, Nikolay"]
[Result "0-1"]
[WhiteElo "2542"]
[BlackElo "2512"]
[PlyCount "136"]
[EventDate "2020.08.21"]
[EventType "team (rapid)"]
[EventRounds "9"]
[EventCountry "NET"]
[Source "Mark Crowther"]
[SourceDate "2020.08.24"]
[WhiteTeam "Cuba"]
[BlackTeam "Canada"]
[WhiteTeamCountry "CUB"]
[BlackTeamCountry "CAN"]

1. d4 e6 2. c4 Bb4+ 3. Bd2 a5 4. Nf3 d6 5. g3 Nc6 6. Bg2 e5 7. dxe5 dxe5 8. Nc3
Nf6 9. O-O O-O 10. a3 Bxc3 11. Bxc3 Qe7 12. b4 Rd8 13. Qb1 Nd4 14. Qb2 axb4 15.
axb4 Rxa1 16. Rxa1 c5 17. bxc5 Qxc5 18. Nxd4 exd4 19. Rd1 Qxc4 20. Bxd4 Bg4 21.
f3 Be6 22. e3 b5 23. Rb1 Rb8 24. Be5 Rd8 25. Bf1 Qc5 26. Bd4 Qf5 27. Kg2 Bc4
28. Bxc4 bxc4 29. Rc1 Rc8 30. g4 Qe6 31. Bxf6 gxf6 32. Qd4 h6 33. Rc3 Kg7 34.
h4 Qe5 35. Qxe5 fxe5 36. f4 exf4 37. exf4 h5 38. Kf3 Kg6 39. gxh5+ Kxh5 40. Kg3
Rc5 41. Kh3 Kh6 42. Kg3 Kg6 43. Kg4 f5+ 44. Kg3 Kh5 45. Kh3 Rc8 46. Kg3 Rg8+
47. Kh3 Rc8 48. Kg3 Rc7 49. Kh3 Rd7 50. Rxc4 Rd3+ 51. Kg2 Kxh4 52. Ra4 Kg4 53.
Kf2 Rb3 54. Rc4 Rb2+ 55. Ke3 Kg3 56. Ra4 Rf2 57. Rb4 Rf1 58. Ra4 Re1+ 59. Kd3
Re8 60. Kd2 Kf3 61. Rd4 Re2+ 62. Kd3 Re4 63. Rd5 Kxf4 64. Ra5 Re8 65. Ra1 Kg3
66. Rg1+ Kf2 67. Rg5 f4 68. Re5 Rxe5 0-1

[Event "Online Olym Top DivD"]
[Site "chess.com INT"]
[Date "2020.08.22"]
[Round "5.5"]
[White "Noritsyn, Nikolay"]
[Black "Banikas, Hristos"]
[Result "1/2-1/2"]
[WhiteElo "2512"]
[BlackElo "2601"]
[PlyCount "40"]
[EventDate "2020.08.21"]
[EventType "team (rapid)"]
[EventRounds "9"]
[EventCountry "NET"]
[Source "Mark Crowther"]
[SourceDate "2020.08.24"]
[WhiteTeam "Canada"]
[BlackTeam "Greece"]
[WhiteTeamCountry "CAN"]
[BlackTeamCountry "GRE"]

1. b3 Nf6 2. Bb2 d6 3. d4 g6 4. Nf3 Bg7 5. e3 O-O 6. c4 e5 7. dxe5 Nfd7 8. Nc3
dxe5 9. Be2 e4 10. Nd2 Nc5 11. O-O Nc6 12. Rb1 Re8 13. b4 Nxb4 14. Ncxe4 Nxe4
15. Nxe4 Bf5 16. Bxg7 Kxg7 17. Rxb4 Bxe4 18. c5 Qxd1 19. Rxd1 Bc6 20. Bf3 Rad8
1/2-1/2

[Event "Online Olym Top DivD"]
[Site "chess.com INT"]
[Date "2020.08.22"]
[Round "6.2"]
[White "Delgado Ramirez, Neuris"]
[Black "Noritsyn, Nikolay"]
[Result "1-0"]
[WhiteElo "2621"]
[BlackElo "2512"]
[PlyCount "65"]
[EventDate "2020.08.21"]
[EventType "team (rapid)"]
[EventRounds "9"]
[EventCountry "NET"]
[Source "Mark Crowther"]
[SourceDate "2020.08.24"]
[WhiteTeam "Paraguay"]
[BlackTeam "Canada"]
[WhiteTeamCountry "PAR"]
[BlackTeamCountry "CAN"]

1. e4 e5 2. Nf3 Nc6 3. Bb5 a6 4. Ba4 Nge7 5. Nc3 Ng6 6. d3 Be7 7. Bb3 d6 8. Nd5
Na5 9. Bd2 Nxb3 10. axb3 f5 11. Qe2 Be6 12. h4 Bxd5 13. exd5 Bf6 14. Ng5 Qd7
15. Ne6 c6 16. h5 Ne7 17. h6 g6 18. Ng7+ Kf7 19. dxc6 Qxc6 20. O-O Qxc2 21. f4
Rac8 22. g4 e4 23. gxf5 Bd4+ 24. Kh1 Qxd3 25. Qg4 Qxd2 26. f6 Nf5 27. Nxf5 gxf5
28. Qg7+ Ke6 29. Qe7+ Kd5 30. Qxb7+ Rc6 31. Rxa6 Rhc8 32. Qf7+ Kc5 33. Qc4# 1-0

[Event "Online Olym Top DivD"]
[Site "chess.com INT"]
[Date "2020.08.23"]
[Round "8.3"]
[White "Supi, L."]
[Black "Noritsyn, Nikolay"]
[Result "0-1"]
[WhiteElo "2572"]
[BlackElo "2512"]
[PlyCount "72"]
[EventDate "2020.08.21"]
[EventType "team (rapid)"]
[EventRounds "9"]
[EventCountry "NET"]
[Source "Mark Crowther"]
[SourceDate "2020.08.24"]
[WhiteTeam "Brazil"]
[BlackTeam "Canada"]
[WhiteTeamCountry "BRA"]
[BlackTeamCountry "CAN"]

1. e4 c5 2. Nf3 d6 3. d4 cxd4 4. Nxd4 Nf6 5. Nc3 a6 6. h3 e6 7. g4 b5 8. Bg2
Bb7 9. O-O Nfd7 10. a4 bxa4 11. Rxa4 Be7 12. Rb4 Nc5 13. Nf5 exf5 14. Rxb7 Nxb7
15. exf5 Ra7 16. Qd4 Nc5 17. Qxg7 Bf6 18. Qh6 Bxc3 19. bxc3 Re7 20. Rd1 Nbd7
21. Bf4 Ne4 22. Kh2 Qb6 23. Rd4 d5 24. Rxd5 Qxh6 25. Bxh6 f6 26. Rd4 Nxc3 27.
Rc4 Kf7 28. Rxc3 Nb6 29. Rc6 Rb8 30. Bf4 Rbb7 31. Rd6 a5 32. Be3 Nc8 33. Rd8
Nb6 34. Rd6 Nc8 35. Bd5+ Ke8 36. Rd8+ Kxd8 0-1

[Event "Online Olym Top DivD"]
[Site "chess.com INT"]
[Date "2020.08.23"]
[Round "9.3"]
[White "Noritsyn, Nikolay"]
[Black "So, W."]
[Result "0-1"]
[WhiteElo "2512"]
[BlackElo "2770"]
[PlyCount "60"]
[EventDate "2020.08.21"]
[EventType "team (rapid)"]
[EventRounds "9"]
[EventCountry "NET"]
[Source "Mark Crowther"]
[SourceDate "2020.08.24"]
[WhiteTeam "Canada"]
[BlackTeam "United States of America"]
[WhiteTeamCountry "CAN"]

1. b3 e5 2. Bb2 Nc6 3. e3 d5 4. Bb5 Bd6 5. Nf3 f6 6. c4 a6 7. Bxc6+ bxc6 8. d4
e4 9. Ng1 a5 10. Nc3 Bb4 11. Nge2 Ne7 12. O-O O-O 13. Na4 Ng6 14. c5 Nh4 15.
Ng3 f5 16. a3 f4 17. exf4 Bd2 18. Qxd2 Bh3 19. f3 Bxg2 20. fxe4 dxe4 21. Rf2
Nf3+ 22. Rxf3 Bxf3 23. Nc3 Rxf4 24. Re1 Qh4 25. d5 Rg4 26. Nce2 Qh3 27. Nf4
Rxf4 28. d6 cxd6 29. cxd6 Rf7 30. Be5 h5 0-1